书目信息 |
| 题名: |
教学模式
|
|
| 作者: | Joyce Bruce 著 ;荆建华 译 | |
| 分册: | ||
| 出版信息: | 北京 中国轻工业出版社 2002 |
|
| 页数: | 532页 | |
| 开本: | 21cm | |
| 丛书名: | 基础教育改革与发展译丛. 教学模式与方法系列 | |
| 单 册: | ||
| 中图分类: | G420 | |
| 科图分类: | ||
| 主题词: | 教学研究 | |
| 电子资源: | ||
| ISBN: | 7-5019-3440-1 | |
| 000 | 00999nam0 2200289 450 | |
| 000 | 01032nam0 2200289 450 | |
| 000 | 00965nam0 2200265 450 | |
| 000 | 00929oam2 2200253 45 | |
| 005 | 20070727133634.19 | |
| 010 | @a7-5019-3440-1@d CNY32.00 | |
| 100 | @a20070719d2002 em y0chiy0120 ea | |
| 101 | 1 | @achi@ceng |
| 102 | @aCN@b110000 | |
| 105 | @ay z 000yy | |
| 200 | 1 | @a教学模式@AJiao Xue Mo Shi@f(美)Bruce Joyce等著@F( Mei )Bruce Joyce Deng Zhu@g荆建华等译 |
| 210 | @a北京@c中国轻工业出版社@d2002 | |
| 215 | @a532页@d21cm | |
| 225 | 2 | @a基础教育改革与发展译丛. 教学模式与方法系列 |
| 330 | @a本书共分6部分28章,详尽地阐述了社会型、信息加工型、个人型和行为系统型四种教学模式及其各自所包含的具体内容。 | |
| 410 | 0 | @12001 @a基础教育改革与发展译丛. 教学模式与方法系列 |
| 510 | 1 | @aModels of Teaching@zeng |
| 606 | 0 | @a教学研究 |
| 690 | @aG420@v4 | |
| 701 | 1 | @aJoyce Bruce@4著 |
| 702 | 0 | @a荆建华@AJing Jian Hua@4译 |
| 801 | 0 | @aCN@bTAOJIN@c20070727 |
| 905 | @a10447@dG420@e181 | |
| 教学模式/(美)Bruce Joyce等著/荆建华等译.-北京:中国轻工业出版社,2002 |
| 532页;21cm.-(基础教育改革与发展译丛. 教学模式与方法系列) |
| ISBN 7-5019-3440-1: CNY32.00 |
| 本书共分6部分28章,详尽地阐述了社会型、信息加工型、个人型和行为系统型四种教学模式及其各自所包含的具体内容。 |
| ● |
| 相关链接 |
|
|
|
|
正题名:教学模式
索取号:G420/181
 
预约/预借
| 序号 | 登录号 | 条形码 | 馆藏地/架位号 | 状态 | 备注 |
| 1 | 0820920 | 208209204 | 第一样本阅览室/ [索取号:G420/181] | 在馆 | |
| 2 | 0820921 | 208209213 | 第四借阅区/ [索取号:G420/181] | 在馆 | |
| 3 | 0820922 | 208209222 | 第四借阅区/ [索取号:G420/181] | 在馆 | |
| 4 | 0820923 | 208209231 | 第四借阅区/ [索取号:G420/181] | 在馆 | |
| 5 | 0820924 | 208209240 | 第四借阅区/ [索取号:G420/181] | 在馆 |